Catálogo

Los tres mosqueteros / (Registro nro. 59320)

Detalles MARC
000 -LEADER
fixed length control field 01034nam a2200313 i 4500
001 - CONTROL NUMBER
control field 59320
003 - CONTROL NUMBER IDENTIFIER
control field Mx-PuUPA
005 - DATE AND TIME OF LATEST TRANSACTION
control field 20260119150435.0
008 - FIXED-LENGTH DATA ELEMENTS--GENERAL INFORMATION
fixed length control field 140415s1972 sp gr 001 0 spa d
017 ## - COPYRIGHT OR LEGAL DEPOSIT NUMBER
Copyright or legal deposit number B-11396-1972
040 ## - CATALOGING SOURCE
Original cataloging agency MX-PuUPA
Language of cataloging spa
Description conventions rda
Transcribing agency Mx-PuUPA
Modifying agency Mx-PuUPA
041 1# - LANGUAGE CODE
Language code of text/sound track or separate title spa
Language code of original fre
100 1# - MAIN ENTRY--PERSONAL NAME
Personal name Dumas, Alexandre,
Dates associated with a name 1802-1870
Relator term autor
9 (RLIN) 5406
240 14 - UNIFORM TITLE
Uniform title Les trois mousquetaires.
Language of a work Español
245 14 - TITLE STATEMENT
Title Los tres mosqueteros /
Statement of responsibility, etc. Alejandro Dumas ; traducción, Alejandro Ferrer
250 ## - EDITION STATEMENT
Edition statement Edición especial
264 #1 - PRODUCTION, PUBLICATION, DISTRIBUTION, MANUFACTURE, AND COPYRIGHT NOTICE
Place of production, publication, distribution, manufacture Barcelona :
Name of producer, publisher, distributor, manufacturer Editorial Bruguera,
Date of production, publication, distribution, manufacture, or copyright notice 1972
300 ## - PHYSICAL DESCRIPTION
Extent 2 volúmenes ;
Dimensions 18 cm
336 ## - CONTENT TYPE
Content type term texto
Fuente rdacontent
Content type code txt
337 ## - MEDIA TYPE
Media type term sin mediación
Source rdamedia
Media type code n
338 ## - CARRIER TYPE
Carrier type term volumen
Source rdacarrier
Carrier type code nc
650 #7 - SUBJECT ADDED ENTRY--TOPICAL TERM
Topical term or geographic name entry element Literatura francesa
Source of heading or term armarc
650 #7 - SUBJECT ADDED ENTRY--TOPICAL TERM
Topical term or geographic name entry element Novela francesa
Source of heading or term armarc
700 1# - ADDED ENTRY--PERSONAL NAME
Personal name Ferrer, Alejandro,
Relator term traductor
765 0# - ORIGINAL LANGUAGE ENTRY
Main entry heading Dumas, Alejandro
Title Les trois mousquetaires
942 ## - ADDED ENTRY ELEMENTS (KOHA)
Classification part 800
Item part D8818
Koha item type Libro
Source of classification or shelving scheme Dewey Decimal Classification
Existencias
Withdrawn status Lost status Source of classification or shelving scheme Damaged status Not for loan Collection code Home library Current library Shelving location Date acquired Source of acquisition Serial Enumeration / chronology Total Checkouts Full call number Barcode Date last seen Date last checked out Price effective from Koha item type
    Dewey Decimal Classification     General Biblioteca Karol Wojtyla Biblioteca Karol Wojtyla Sala general 03/12/2013 Compra t.2   800 D8818 1972 89645 03/02/2026 29/05/2015 29/08/2017 Libro
    Dewey Decimal Classification     General Biblioteca Karol Wojtyla Biblioteca Karol Wojtyla Sala general 03/12/2013 Compra t.1   800 D8818 1972 89644 03/02/2026 15/03/2017 29/08/2017 Libro